| 000 | 00778nam a2200217Ia 4500 | ||
|---|---|---|---|
| 999 |
_c50953 _d50953 |
||
| 001 | 17910 | ||
| 003 | GE_BSU | ||
| 005 | 20200228145748.0 | ||
| 008 | 181216s1937 xx |||||||||||||| ||geo|| | ||
| 040 | _cGE_BSU | ||
| 041 | _ageo | ||
| 080 | _a821.353.1-32 ჭ-15 | ||
| 100 |
_aჭავჭავაძე, ი. (ილია, 1837-1907) _97595 |
||
| 245 |
_aკაცია ადამიანი?! : _bმოთხრობა / _cი. ჭავჭავაძე. |
||
| 264 |
_aთბილისი : _bფედერაცია, _c1937. |
||
| 300 |
_a127 გვ. ; _c17 სმ. |
||
| 653 | _aკაცია ადამიანი?! | ||
| 653 | _aმოთხრობა | ||
| 653 | _aქართული ლიტერატურა | ||
| 942 |
_cBK _2udc |
||